[Event "Titled Tue 19th Nov Late"]
[Site "chess.com INT"]
[Date "2024.11.19"]
[Round "6"]
[White "Sjugirov,S"]
[Black "Nakamura,Hi"]
[Result "0-1"]
[WhiteElo "2649"]
[BlackElo "2802"]

1.c4 e6 2.g3 d5 3.Bg2 dxc4 4.Qa4+ Nd7 5.Qxc4 Rb8 6.Qc2 c5 7.Nf3 b6 8.d4 Bb7
9.O-O Ngf6 10.Rd1 Rc8 11.Qa4 a6 12.Nc3 b5 13.Qb3 c4 14.Qc2 b4 15.Na4 Be4
16.Qd2 Qa5 17.b3 c3 18.Qf4 Qd5 19.Ne1 Bd6 20.Bxe4 Nxe4 21.Qf3 Ne5 22.dxe5 Qxd1
23.Qxe4 Qxe1+ 24.Kg2 Be7 25.Nb6 O-O 26.Nxc8 Rxc8 27.Qb7 Re8 28.Qxa6 h5 29.h4 Rd8
30.Qb7 Rd1  0-1

[Event "Titled Tue 19th Nov Early"]
[Site "chess.com INT"]
[Date "2024.11.19"]
[Round "6"]
[White "Martinez Alcantara,Jose Eduardo"]
[Black "Nakamura,Hi"]
[Result "1/2-1/2"]
[WhiteElo "2607"]
[BlackElo "2802"]

1.e4 c5 2.Nf3 g6 3.c3 d5 4.e5 Nc6 5.d4 Bg4 6.Bb5 Qb6 7.Bxc6+ bxc6 8.Nbd2 cxd4
9.cxd4 Qb5 10.Qb3 e6 11.Qxb5 cxb5 12.Nb3 Bxf3 13.gxf3 Ne7 14.Ke2 Nf5 15.Bd2 Be7
16.Rhc1 Kd7 17.Kd3 Rhc8 18.Rxc8 Rxc8 19.a4 b4 20.Rg1 h6 21.f4 a5 22.h3 Bd8
23.Rh1 Bb6 24.Be3 Ke7 25.Rg1 Kf8 26.Rh1 Kg7 27.Rg1 Kf8 28.Rh1 Rc7 29.Rg1 Ke8
30.Rh1 Kd7 31.Rg1 Rc8 32.Rh1 Rh8 33.Rg1 Kc6 34.Rc1+ Kb7 35.Rg1 Bd8 36.Rh1 Kb6
37.Rg1 Be7 38.Rg4 Rc8 39.Rg1 Ka6 40.Bd2 Ng7 41.Be3 Kb6 42.Bd2 Rh8 43.Be3 Ne8
44.Bd2 Nc7 45.Be3 Ka6 46.Rc1 Kb6 47.Nxa5 Kxa5 48.Rxc7 Re8 49.b3 Kb6 50.Rc1 h5
51.Bd2 Ra8 52.Rg1 Rg8 53.f3 Kc6 54.Rc1+ Kb6 55.Rc2 Re8 56.Be1 Ra8 57.Rg2 Rg8
58.Bd2 Kb7 59.Ke2 Kb6 60.Kd1 Kb7 61.Bc1 Kb6 62.Rc2 Ra8 63.Ke2 Kb7 64.Kf2 Kb6
65.Kg3 Kb7 66.Bd2 Kb6 67.h4 Rg8 68.Be3 Re8 69.Kh3 Kb7 70.Kg3 Kb6 71.Bd2 Rg8
72.Be1 Kb7 73.Kg2 Kb6 74.Kf1 Kb7 75.Ke2 Kb6 76.Kd3 Kb7 77.Rc1 Kb6 78.Rc2 Kb7
79.Rc1 Re8 80.Rc2 Kb6 81.Rc1 Kb7 82.Rc2 Kb6 83.Rc1 Kb7  1/2-1/2

[Event "Titled Tue 19th Nov Late"]
[Site "chess.com INT"]
[Date "2024.11.19"]
[Round "7"]
[White "Nakamura,Hi"]
[Black "Ibarra Jerez,JC"]
[Result "1-0"]
[WhiteElo "2802"]
[BlackElo "2556"]

1.b3 c5 2.Bb2 Nc6 3.Nf3 d6 4.d4 cxd4 5.Nxd4 Nf6 6.Nxc6 bxc6 7.g3 Qa5+ 8.Nd2 g6
9.Bg2 d5 10.O-O Bg7 11.e4 O-O 12.exd5 cxd5 13.Re1 Bg4 14.Qc1 Bh6 15.f4 Rac8
16.c4 Rfd8 17.Qc3 Qb6+ 18.Qe3 d4 19.Qf2 Bf5 20.h3 Bc2 21.Re5 Bg7 22.Rae1 Nd7
23.Rb5 Qa6 24.Bb7 Qxa2 25.Bxc8 Qxb2 26.Bxd7 Rxd7 27.Rb8+ Bf8 28.Qf3 d3 29.Qa8 Qg7
30.Kg2 h5 31.Re5 e6 32.Rc5 f5 33.Rxf8+  1-0

[Event "Titled Tue 19th Nov Early"]
[Site "chess.com INT"]
[Date "2024.11.19"]
[Round "7"]
[White "Nakamura,Hi"]
[Black "Firouzja,Alireza"]
[Result "1-0"]
[WhiteElo "2802"]
[BlackElo "2763"]

1.b3 e5 2.Bb2 d6 3.e3 Nf6 4.g3 Be7 5.Bg2 O-O 6.Ne2 Nc6 7.d3 d5 8.O-O a5 9.a3 Re8
10.h3 h6 11.Nd2 Bf8 12.g4 Bd6 13.Ng3 Ne7 14.e4 c6 15.d4 exd4 16.Bxd4 Ng6
17.exd5 cxd5 18.Qf3 Nh4 19.Qd3 Nxg2 20.Kxg2 Nd7 21.Rae1 Rxe1 22.Rxe1 Nc5
23.Bxc5 Bxc5 24.a4 Be6 25.Nf3 Rc8 26.Nh5 Qd6 27.Nd4 Bd7 28.Nf5 Bxf5 29.Qxf5 Rd8
30.Qe5 Qxe5 31.Rxe5 Bd4 32.Re2 g6 33.Nf4 Bf6 34.Rd2 d4 35.Nd3 Rc8 36.Nb2 Rc5
37.Nd3 Rc7 38.Re2 Kg7 39.f4 g5 40.Kf3 Rc6 41.f5 Rc7 42.Rd2 Rc8 43.Re2 Rc7
44.Kg2 Rc8 45.Nf2 Rc7 46.Ne4 b6 47.Nd6 Rc6 48.Nc4 Kf8 49.Kf3 Kg7 50.Re8 Rc5
51.Ke4 b5 52.axb5 Rxb5 53.Kd3 Rc5 54.Ra8 Rc7 55.Rxa5 Re7 56.Ra1 Rb7 57.Rb1 Be7
58.Kxd4 Rd7+ 59.Ke4 Bf6 60.Kf3 Rd4 61.Ke3 h5 62.Rg1 Rf4 63.Rg2 Bd4+ 64.Ke2 Bf6
65.Nd2 hxg4 66.hxg4 Bc3 67.Nf3 Bf6 68.Ke3 Rb4 69.Nd2 Bd4+ 70.Kf3 Bf6 71.Ne4 Be7
72.Rd2 f6 73.Rd7 Kf8 74.Rd3 Rb8 75.c4 Kf7 76.c5 Rh8 77.c6 Rc8 78.Rc3 Ke8
79.Rc4 Kd8 80.Nc3 Bd6 81.Nd5 Be5 82.b4 Ra8 83.b5 Ra3+ 84.Ke2 Rb3 85.c7+ Bxc7
86.Nxc7 Kd7 87.Nd5 Kd6 88.Nxf6 Rxb5 89.Ne4+ Kd5 90.Nc3+  1-0

[Event "Titled Tue 19th Nov Early"]
[Site "chess.com INT"]
[Date "2024.11.19"]
[Round "8"]
[White "Shankland,S"]
[Black "Nakamura,Hi"]
[Result "0-1"]
[WhiteElo "2672"]
[BlackElo "2802"]

1.d4 d5 2.c4 e6 3.Nf3 a6 4.Bg5 Be7 5.Bxe7 Qxe7 6.Nbd2 Nf6 7.g3 b6 8.Bg2 Bb7
9.cxd5 Nxd5 10.O-O Nf6 11.Rc1 O-O 12.Qc2 Rc8 13.e4 Nbd7 14.Rfe1 c5 15.e5 Nd5
16.Ne4 cxd4 17.Qd2 Rxc1 18.Rxc1 Rd8 19.Qxd4 h6 20.a3 a5 21.h4 Nb8 22.Qa4 Nd7
23.Qd4 Ba6 24.Bf1 Bxf1 25.Kxf1 Nf8 26.Nd6 Ng6 27.Rc6 Qd7 28.Qc4 Nge7 29.Nd4 Nxc6
30.Nxc6 Rf8 31.Kg2 f6 32.b4 axb4 33.axb4 fxe5 34.Ne4 Qf7 35.Nxe5 Qf5 36.Nd7 Rd8
37.Nd6 Qh5 38.Qc6 Ne7 39.Qc7 Qd5+ 40.Kh2 Qa8 41.Nxb6 Qb8 42.Qxe7 Qxd6 43.Qxd6 Rxd6
44.Nc4 Rd4 45.Ne5 Rxb4 46.Kg2 Rb5 47.Ng6 Kf7 48.Nf4 g6 49.Kf3 e5 50.Ng2 Ke6
51.Ne3 Rb4 52.g4 Ra4 53.Kg3 h5 54.Kf3 Rf4+ 55.Kg3 Rf8 56.f3 Rc8 57.Kf2 Rc3
58.Nd1 Ra3 59.Ne3 Rb3 60.Ng2 hxg4 61.fxg4 Kd5 62.h5 gxh5 63.gxh5 Rh3  0-1

[Event "Titled Tue 19th Nov Late"]
[Site "chess.com INT"]
[Date "2024.11.19"]
[Round "8"]
[White "Bortnyk,Olexandr"]
[Black "Nakamura,Hi"]
[Result "0-1"]
[WhiteElo "2603"]
[BlackElo "2802"]

1.e4 c5 2.Be2 g6 3.f4 Bg7 4.Nf3 Nc6 5.c3 d5 6.d3 e6 7.O-O Nge7 8.Qe1 O-O
9.Kh1 b6 10.Qh4 f6 11.Nbd2 a5 12.Re1 a4 13.Nf1 f5 14.e5 d4 15.c4 Nb4 16.Rd1 Nec6
17.Qh3 Qd7 18.Bd2 a3 19.b3 Bb7 20.Rdc1 h6 21.Be1 Rac8 22.Bh4 Nd8 23.Be1 Ndc6
24.Bh4 Qf7 25.N1d2 Ra8 26.Bf2 Nb8 27.Bh4 Nd7 28.Nf1 Rfe8 29.N1d2 Nf8 30.Kg1 Nh7
31.Nf1 Bf8 32.Be1 Qg7 33.Bxb4 cxb4 34.N1d2 g5 35.Qg3 g4 36.Ne1 Re7 37.Nc2 Rd7
38.Kf2 Kh8 39.h4 gxh3 40.Qxh3 Bc5 41.Bf3 Bxf3 42.Nxf3 Rg8 43.Rh1 Qg6 44.Rh2 Bf8
45.Rg1 Qg4 46.Qxg4 fxg4 47.Nd2 g3+ 48.Kf3 gxh2 49.Rh1 Rf7 50.Rxh2 Ng5+ 51.Ke2 Rxf4
52.g3 Rg4 53.Rg2 Bc5 54.Ne1 Nf7 55.Nef3 Rxg3 56.Rh2 Rg2+ 57.Rxg2 Rxg2+ 58.Kf1 Rxd2
59.Nxd2 Nxe5 60.Ke2 Kg7 61.Ne4 Kg6 62.Ng3 h5  0-1

[Event "Titled Tue 19th Nov Late"]
[Site "chess.com INT"]
[Date "2024.11.19"]
[Round "9"]
[White "Firouzja,Alireza"]
[Black "Nakamura,Hi"]
[Result "1-0"]
[WhiteElo "2763"]
[BlackElo "2802"]

1.e4 c5 2.Nf3 g6 3.d4 cxd4 4.Nxd4 Bg7 5.Nc3 Nc6 6.Be3 Nf6 7.Bc4 d6 8.f3 O-O
9.Qd2 Nxd4 10.Bxd4 Be6 11.Bb3 Qa5 12.O-O-O Rfc8 13.Kb1 b5 14.Bxf6 Bxf6 15.Nd5 Qxd2
16.Nxf6+ Kg7 17.Nh5+ gxh5 18.Rxd2 Rc5 19.Rhd1 h4 20.Bd5 Rg8 21.b4 Rc7 22.Kb2 Kf6
23.Bb3 a5 24.bxa5 Ra7 25.Ka3 Rxa5+ 26.Kb4 Ra7 27.f4 Rg4 28.Rf2 Rc7 29.Kxb5 Rc8
30.Kb4 h3 31.g3 h5 32.Rdd2 h4 33.gxh4 Rcg8 34.a4 Rg2 35.Kc3 Rg1 36.Rde2 R8g2
37.e5+ Kf5 38.exd6 exd6 39.a5 d5 40.Kb2 Rxf2 41.Rxf2 Rg2 42.a6 Rg8 43.c3 Ra8
44.Bc2+ Kf6 45.Bd3 Bc8 46.Rd2 Bxa6 47.Bxa6 Rxa6 48.Rxd5 Re6 49.Kc2 Re2+ 50.Rd2 Re4
51.Rd4 Re2+ 52.Rd2 Re4 53.Rf2 Kf5 54.Kd3 Re1 55.c4 Rd1+ 56.Rd2 Rc1 57.Rc2 Rd1+
58.Ke3 Rg1 59.c5 Rg2 60.Kd3 Ke6 61.c6 Rg8 62.Ke3 Rc8 63.c7 Kd5 64.h5 f5 65.Kf3 Kd6
66.h6 Kd7 67.h7  1-0

[Event "Titled Tue 19th Nov Early"]
[Site "chess.com INT"]
[Date "2024.11.19"]
[Round "9"]
[White "Xiong,Jeffery"]
[Black "Nakamura,Hi"]
[Result "0-1"]
[WhiteElo "2636"]
[BlackElo "2802"]

1.Nf3 g6 2.e4 c5 3.d4 cxd4 4.Nxd4 Bg7 5.c4 Nc6 6.Be3 Qb6 7.Nb3 Qd8 8.Nd4 Qb6
9.Nb3 Qd8 10.Nc3 Nf6 11.Be2 d6 12.O-O a5 13.Nd4 O-O 14.Qd2 a4 15.Rad1 Be6
16.Nxe6 fxe6 17.c5 a3 18.bxa3 Rxa3 19.Bc4 Qc8 20.cxd6 Na5 21.d7 Qxc4 22.d8=Q Rxd8
23.Qxd8+ Kf7 24.Nb1 Rxa2 25.Nd2 Qe2 26.Nf3 Nxe4 27.Rde1 Qb5 28.Bd4 Nc6 29.Qd7 Qd5
30.Qxd5 exd5 31.Bxg7 Kxg7 32.Rb1 Ra7 33.Rb5 e6 34.Rfb1 Nd6 35.R5b2 Kf6 36.h4 e5
37.Ng5 h6 38.Nh3 d4 39.f3 b5 40.Nf2 Ra6 41.Nd3 Rb6 42.Rc1 Na5 43.Nb4 Ke6
44.Rc5 Ndc4 45.Re2 Nb7 46.Rc7 Nbd6 47.Rh7 Nf5 48.Kf2 Rd6 49.Nd3 Nfe3 50.Rxh6 e4
51.fxe4 Ng4+ 52.Kg3 Nxh6  0-1

[Event "Titled Tue 19th Nov Late"]
[Site "chess.com INT"]
[Date "2024.11.19"]
[Round "10"]
[White "Nakamura,Hi"]
[Black "Szpar,Milosz"]
[Result "1/2-1/2"]
[WhiteElo "2802"]
[BlackElo "2477"]

1.b3 d5 2.Bb2 Bg4 3.h3 Bh5 4.d3 Nd7 5.Nd2 e5 6.Ngf3 Bd6 7.e4 c6 8.Be2 Ne7
9.O-O Qc7 10.exd5 Nxd5 11.d4 exd4 12.Nxd4 Bg6 13.Nc4 Bc5 14.Bf3 O-O 15.Bxd5 cxd5
16.Ne3 Nf6 17.Ndf5 Bxf5 18.Nxf5 Qf4 19.Qf3 Qxf3 20.gxf3 Nh5 21.Rad1 Rad8
22.Rfe1 f6 23.Bd4 Bxd4 24.Rxd4 g5 25.Re7 Nf4 26.Kh2 Rfe8 27.Nh6+ Kh8 28.Rxb7 Rb8
29.Rxb8 Rxb8 30.h4 Rc8 31.hxg5 fxg5 32.Nf7+ Kg7 33.Nxg5 Kf6 34.Rxf4+ Kxg5
35.Rg4+ Kf5 36.c4 dxc4 37.bxc4 Rb8 38.c5 Rb2 39.Rc4 Rxf2+ 40.Kg3 Rb2 41.c6 Rb8
42.Rh4 Rg8+ 43.Kf2 Rg7 44.Rh6 Ke5 45.Ke3 Re7 46.f4+ Kd5+ 47.Kf3 a5 48.f5 Ke5
49.Kg4 Rg7+ 50.Kh5 Kxf5 51.Rd6 Ke5 52.Rd7 Rg6 53.c7 Rc6 54.Rxh7 Kd4 55.Kg5 Kc3
56.Kf5 Kb2 57.Ke5 Kxa2 58.Kd5 Rc1 59.Kd6 a4 60.Rh8 a3 61.c8=Q Rxc8 62.Rxc8 Kb2
63.Rb8+ Kc1 64.Ra8 Kb2 65.Kc5 a2 66.Kb4 a1=Q 67.Rxa1 Kxa1  1/2-1/2

[Event "Titled Tue 19th Nov Early"]
[Site "chess.com INT"]
[Date "2024.11.19"]
[Round "10"]
[White "Nakamura,Hi"]
[Black "Carlsen,M"]
[Result "1/2-1/2"]
[WhiteElo "2802"]
[BlackElo "2831"]

1.e4 c5 2.Nf3 e6 3.c3 d5 4.exd5 exd5 5.d4 Nf6 6.Bb5+ Bd7 7.Bxd7+ Nbxd7 8.O-O Be7
9.dxc5 Nxc5 10.Be3 O-O 11.Nbd2 Re8 12.Nb3 Nce4 13.h3 h6 14.Nfd2 Nd6 15.Qf3 Qd7
16.Rad1 Qa4 17.Ra1 Rad8 18.Rfd1 Nfe4 19.Nd4 Bf6 20.Nxe4 dxe4 21.Qg4 Kh8 22.Bf4 Qa6
23.Qh5 Kg8 24.Qg4 Kh8 25.Qh5 Kg8 26.Qg4 Kh8  1/2-1/2

[Event "Titled Tue 19th Nov Early"]
[Site "chess.com INT"]
[Date "2024.11.19"]
[Round "11"]
[White "Sarana,A"]
[Black "Nakamura,Hi"]
[Result "0-1"]
[WhiteElo "2679"]
[BlackElo "2802"]

1.d4 d5 2.c4 e6 3.Nc3 Be7 4.cxd5 exd5 5.Bf4 c6 6.e3 Bf5 7.Bd3 Bxd3 8.Qxd3 Nf6
9.Nf3 Nbd7 10.h3 O-O 11.O-O Re8 12.Rab1 a5 13.a3 a4 14.Rfc1 Nb6 15.Nd2 Bd6
16.Ne2 Nc8 17.b4 axb3 18.Rxb3 Bxf4 19.Nxf4 Nd6 20.Qc3 Qe7 21.Rcb1 Ra7 22.Nd3 h6
23.Nc5 b5 24.Nd3 Nc4 25.Nb4 Qd6 26.Nc2 Rea8 27.Ra1 Ra4 28.Qd3 Ne8 29.Rc1 Qe6
30.Nb1 Ned6 31.Nc3 R4a7 32.Ra1 f5 33.Ne2 g5 34.Re1 Re7 35.Nb4 Ne4 36.f3 Ned2
37.Rc3 f4 38.exf4 gxf4 39.Nc2 Qf6 40.Kh2 Rae8 41.Kh1 Re6 42.Kh2 Kh8 43.Kh1 Qe7
44.Nxf4 Rxe1+ 45.Nxe1 Qxe1+ 46.Kh2 Nf1+ 47.Kg1 Nfe3+ 48.Kh2 Rg8 49.Ng6+ Kg7
50.Nf4 Nf1+ 51.Kg1 Ng3+ 52.Kh2 Kf6 53.Qh7 Qh1+  0-1

[Event "Titled Tue 19th Nov Late"]
[Site "chess.com INT"]
[Date "2024.11.19"]
[Round "11"]
[White "Pranav,V"]
[Black "Nakamura,Hi"]
[Result "0-1"]
[WhiteElo "2602"]
[BlackElo "2802"]

1.e4 c5 2.Nf3 g6 3.Bc4 Bg7 4.O-O e6 5.d3 Nc6 6.c3 d5 7.exd5 exd5 8.Bb5 Ne7
9.Bg5 f6 10.Be3 b6 11.Re1 O-O 12.Nbd2 a6 13.Ba4 Qd6 14.a3 b5 15.Bb3 Kh8 16.a4 Rb8
17.axb5 axb5 18.Nf1 b4 19.Ba4 bxc3 20.bxc3 Bd7 21.Ng3 f5 22.Ne2 Rbc8 23.Qd2 Ng8
24.Bf4 Qf6 25.d4 cxd4 26.cxd4 Qd8 27.Nc3 Nf6 28.Bd6 Re8 29.Ng5 Kg8 30.Bb3 Bf8
31.Nxd5 Kg7 32.Nf7 Kxf7 33.Bc7 Rxe1+ 34.Rxe1 Rxc7 35.Nxc7+ Kg7 36.Qf4 Ne4
37.Rxe4 fxe4 38.d5 Nd4 39.d6 Ne2+  0-1

[Event "Titled Tue 26th Nov Early"]
[Site "chess.com INT"]
[Date "2024.11.26"]
[Round "1"]
[White "Nakamura,Hi"]
[Black "Vedant,Nitin Vekhande"]
[Result "1-0"]
[WhiteElo "2802"]
[BlackElo "2167"]

1.b3 e5 2.Bb2 d6 3.e3 Nd7 4.g3 Ngf6 5.Bg2 g6 6.d4 Bg7 7.dxe5 dxe5 8.Ba3 c5
9.Ne2 O-O 10.O-O Qa5 11.Bb2 Rd8 12.Qc1 c4 13.Na3 Nb6 14.Qe1 Qc5 15.Qc3 Bg4
16.Qe1 Bxe2 17.Qxe2 c3 18.Bc1 e4 19.Nb5 Nbd5 20.a4 a5 21.Ba3 Nb4 22.Rfd1 Rac8
23.Bh3 Rb8 24.Rd4 Nfd5 25.Rxe4 f5 26.Rc4 Qe7 27.Bg2 Qe6 28.Rd1 Nb6 29.Rc7 Rxd1+
30.Qxd1 N6d5 31.Bxb4 axb4 32.Bxd5  1-0

[Event "Titled Tue 26th Nov Late"]
[Site "chess.com INT"]
[Date "2024.11.26"]
[Round "1"]
[White "Nakamura,Hi"]
[Black "Liu,Zachary Hankun"]
[Result "1-0"]
[WhiteElo "2802"]
[BlackElo "2133"]

1.b3 Nf6 2.Bb2 e6 3.Nf3 Be7 4.g4 d5 5.g5 Nh5 6.h4 c5 7.e3 Rg8 8.Ne5 g6 9.Be2 Ng7
10.Bb5+ Nd7 11.Qf3 Nf5 12.Bxd7+ Bxd7 13.d3 Qc7 14.e4 dxe4 15.dxe4 Nd6 16.Nd2 O-O-O
17.O-O-O Rgf8 18.Ndc4 Nxc4 19.Nxc4 Bb5 20.Rxd8+ Rxd8 21.Ne5 Be8 22.Kb1 Bd6
23.Ng4 Bc6 24.Nh6 Be5 25.Bxe5 Qxe5 26.Nxf7 Qxe4 27.Qxe4 Bxe4 28.Nxd8 Bxh1
29.Nxe6 Bd5 30.Nxc5 b6 31.Nd3 Kd7 32.Kc1 Kd6 33.c4 Be4 34.Kd2 Ke6 35.Ke3 Bb7
36.Kf4 Bc6 37.f3 Bb7 38.Ke3 Kf5 39.b4 Ke6 40.a3 Ba6 41.b5 Bc8 42.a4 Kd6 43.Kd4 Bb7
44.f4 Ke6 45.c5 Bc8 46.c6 Kd6 47.Nf2 Ke6 48.Ne4 Ke7 49.Ke5 Bf5 50.Nd6 Bg4
51.c7 Kd7 52.c8=Q+  1-0

[Event "Titled Tue 26th Nov Early"]
[Site "chess.com INT"]
[Date "2024.11.26"]
[Round "2"]
[White "Molaei,Mohammadamin"]
[Black "Nakamura,Hi"]
[Result "0-1"]
[WhiteElo "2325"]
[BlackElo "2802"]

1.d4 g6 2.e4 c6 3.Nf3 d5 4.e5 Bg4 5.h3 Bxf3 6.Qxf3 e6 7.Bd3 c5 8.c3 Nc6 9.Be3 Qb6
10.O-O Qxb2 11.Nd2 Qxc3 12.Bb5 Qa5 13.a4 a6 14.Nb3 Qc7 15.Bxc6+ bxc6 16.dxc5 Ne7
17.Bg5 Bg7 18.Bf6 Bxf6 19.Qxf6 O-O 20.g4 Rab8 21.Nd4 Rb4 22.Rad1 Rc4 23.h4 Qd8
24.Qg5 Nc8 25.Qh6 Qe7 26.Kh1 Qxc5 27.Nf3 Qe7 28.Ng5 f6 29.exf6 Rxf6 30.Rb1 Rf8
31.Rb8 Rcf4 32.Re1 Rxf2 33.Nxe6 Re8 34.Re3 Rf7 35.h5 Qf6 36.Nf4 Qh4+ 37.Nh3 Rfe7
38.Rxe7 Qxe7 39.Ng5 Qg7 40.Kg2 Qxh6 41.Rxc8 Rxc8 42.hxg6 Qxg5  0-1

[Event "Titled Tue 26th Nov Late"]
[Site "chess.com INT"]
[Date "2024.11.26"]
[Round "2"]
[White "Ezat,M"]
[Black "Nakamura,Hi"]
[Result "0-1"]
[WhiteElo "2312"]
[BlackElo "2802"]

1.d4 g6 2.c4 Bg7 3.e4 d6 4.Be2 Nc6 5.Nf3 Bg4 6.Nbd2 e5 7.d5 Nce7 8.c5 Nf6
9.O-O O-O 10.Nc4 Nxe4 11.cxd6 cxd6 12.Be3 Nf6 13.Nfd2 Bxe2 14.Qxe2 Nexd5
15.Rfd1 b5 16.Na3 a6 17.Nb3 Rc8 18.Rd2 Rc6 19.Rad1 Nxe3 20.Qxe3 Qc7 21.g3 d5
22.Qe2 Rc8 23.Nc2 Rxc2  0-1

[Event "Titled Tue 26th Nov Late"]
[Site "chess.com INT"]
[Date "2024.11.26"]
[Round "3"]
[White "Nakamura,Hi"]
[Black "Korchmar,V"]
[Result "1-0"]
[WhiteElo "2802"]
[BlackElo "2429"]

1.b3 d5 2.Bb2 Nf6 3.g3 Bg4 4.d3 e6 5.Nd2 Be7 6.Ngf3 O-O 7.h3 Bh5 8.g4 Bg6
9.Nh4 c5 10.e3 Nc6 11.Bg2 Nd7 12.Nxg6 hxg6 13.Qe2 Bf6 14.c3 b5 15.Nf3 b4
16.c4 a5 17.O-O a4 18.Bxf6 Qxf6 19.cxd5 exd5 20.Rac1 axb3 21.axb3 Ra3 22.Nd2 Ne7
23.Rc2 Rfa8 24.f4 Ra2 25.Ne4 Qa6 26.Ng5 Qa3 27.Rb1 Rxc2 28.Qxc2 Qa2 29.Qxa2 Rxa2
30.d4 cxd4 31.exd4 Nc6 32.Rc1 Nxd4 33.Rc8+ Nf8 34.Bxd5  1-0

[Event "Titled Tue 26th Nov Early"]
[Site "chess.com INT"]
[Date "2024.11.26"]
[Round "3"]
[White "Nakamura,Hi"]
[Black "Kosteniuk,A"]
[Result "1-0"]
[WhiteElo "2802"]
[BlackElo "2487"]

1.b3 Nf6 2.Bb2 g6 3.d4 Bg7 4.e3 b6 5.Nf3 Bb7 6.g3 O-O 7.Bg2 d6 8.O-O Nbd7
9.Qe2 Re8 10.Rd1 a5 11.c4 a4 12.b4 Qb8 13.a3 c5 14.Nc3 Rc8 15.Rac1 cxb4 16.axb4 a3
17.Ba1 Ne4 18.Nd5 Bxd5 19.cxd5 Qb7 20.Nd2 Nxd2 21.Qxd2 b5 22.Qd3 Rxc1 23.Rxc1 Ra4
24.Bf1 Qxd5 25.Qxb5 Qxb5 26.Bxb5 Rxb4 27.Bxd7 a2 28.Bc6 e5 29.Bd5 exd4 30.exd4 Bxd4
31.Bxd4 Rxd4 32.Bxa2  1-0

[Event "Titled Tue 26th Nov Early"]
[Site "chess.com INT"]
[Date "2024.11.26"]
[Round "4"]
[White "Iniyan,Pa"]
[Black "Nakamura,Hi"]
[Result "1-0"]
[WhiteElo "2513"]
[BlackElo "2802"]

1.b4 a5 2.b5 d5 3.Bb2 Bf5 4.e3 e6 5.Nf3 a4 6.a3 Nd7 7.c4 Nc5 8.d4 Nb3 9.Ra2 c6
10.Nbd2 cxb5 11.c5 Qa5 12.Qe2 Nxd2 13.Qxb5+ Kd8 14.Qxa5+ Rxa5 15.Kxd2 Nf6
16.Ne5 Bg6 17.f3 Nd7 18.Nxd7 Kxd7 19.Bc3 Ra7 20.Bd3 Be7 21.Rb1 Rha8 22.Rab2 Kc8
23.e4 dxe4 24.fxe4 e5 25.Ke3 f6 26.Bc4 Be8 27.Bd5 Bc6 28.Rb6 Kc7 29.Kd3 exd4
30.Bxd4 Rd8 31.Kc4 Rc8 32.Bf2 Bf8 33.Bxc6 bxc6 34.Bg3+ Kd8 35.Rb7 Rca8 36.Rxa7 Rxa7
37.Rb8+ Ke7 38.Bd6+ Ke6 39.Rxf8 Rb7 40.Rb8 Ra7 41.Re8+ Kf7 42.Rc8 Ra6 43.Rb8 Ke6
44.Rb7 f5 45.exf5+ Kxf5 46.Rxg7 Ra8 47.Rxh7 Re8 48.Re7 Rg8 49.Re5+ Kf6 50.Re4 Rxg2
51.h4 Kf5 52.Rf4+ Ke6 53.Kb4 Rb2+ 54.Kxa4 Rb7 55.Ka5 Ra7+ 56.Kb4 Rb7+ 57.Kc3 Ra7
58.Kb3 Kd5 59.a4 Ra8 60.h5 Re8 61.h6 Re3+ 62.Kb4 Rh3 63.Rf6 Rh4+ 64.Ka5 Kc4
65.Kb6 Kd5 66.a5 Rb4+  1-0

[Event "Titled Tue 26th Nov Late"]
[Site "chess.com INT"]
[Date "2024.11.26"]
[Round "4"]
[White "Nakamura,Hi"]
[Black "Wieczorek,O"]
[Result "1-0"]
[WhiteElo "2802"]
[BlackElo "2496"]

1.b3 Nf6 2.Bb2 g6 3.Bxf6 exf6 4.e3 d5 5.Ne2 c5 6.c3 Nc6 7.d4 h5 8.g3 h4 9.Bg2 h3
10.Bf3 cxd4 11.cxd4 Bd6 12.Nbc3 Be6 13.O-O Bc7 14.b4 a6 15.Qb3 Ne7 16.a4 Qd7
17.a5 Kf8 18.Na4 Rd8 19.Nc5 Qb5 20.Nc3 Qc4 21.Qxc4 dxc4 22.Bxb7 Bd6 23.Bxa6  1-0

[Event "Titled Tue 26th Nov Early"]
[Site "chess.com INT"]
[Date "2024.11.26"]
[Round "5"]
[White "Nakamura,Hi"]
[Black "Munoz,Francisco Javier"]
[Result "1-0"]
[WhiteElo "2802"]
[BlackElo "2389"]

1.e4 e5 2.Bc4 Nc6 3.d3 Nf6 4.Nc3 Bb4 5.Ne2 d5 6.exd5 Nxd5 7.O-O Nb6 8.Bb3 O-O
9.f4 a5 10.a3 Bc5+ 11.Kh1 Nd4 12.Nxd4 exd4 13.Ne4 Be7 14.f5 Bf6 15.Qg4 a4
16.Ba2 Kh8 17.Bd2 Nd7 18.Rae1 b6 19.Qh5 Ne5 20.Nxf6 gxf6 21.Rf4 Rg8 22.Qxh7+ Kxh7
23.Rh4+ Kg7 24.Bh6+ Kh7 25.Bf8+  1-0

[Event "Titled Tue 26th Nov Late"]
[Site "chess.com INT"]
[Date "2024.11.26"]
[Round "5"]
[White "Paichadze,L"]
[Black "Nakamura,Hi"]
[Result "0-1"]
[WhiteElo "2546"]
[BlackElo "2802"]

1.e4 g6 2.d4 c6 3.Nc3 d5 4.Nf3 Bg4 5.Be3 e6 6.Be2 Nf6 7.Bg5 Be7 8.e5 Nfd7
9.Bxe7 Qxe7 10.Qd2 Bxf3 11.Bxf3 a6 12.Ne2 c5 13.c3 Nc6 14.O-O O-O 15.g3 Rac8
16.h4 cxd4 17.cxd4 Qb4 18.Qe3 Ne7 19.g4 Rc2 20.a3 Qd2 21.Qxd2 Rxd2 22.b3 Rd3
23.Kg2 Rxb3 24.Rab1 Rxb1 25.Rxb1 b5 26.Nc1 Nc6 27.Nb3 Nb6 28.Be2 Nc4 29.Ra1 Rb8
30.f4 a5 31.a4 bxa4 32.Nc5 Rb2 33.Kf1 Ne3+ 34.Kf2 Nxd4 35.Kxe3 Nc2+  0-1

[Event "Titled Tue 26th Nov Early"]
[Site "chess.com INT"]
[Date "2024.11.26"]
[Round "6"]
[White "Gulamali,K"]
[Black "Nakamura,Hi"]
[Result "0-1"]
[WhiteElo "2216"]
[BlackElo "2802"]

1.e4 c5 2.Nf3 g6 3.Nc3 Bg7 4.h4 Nc6 5.h5 d6 6.d3 Nh6 7.hxg6 hxg6 8.Bg5 f6
9.Bf4 e5 10.Be3 Be6 11.Nd5 Bxd5 12.exd5 Ne7 13.c3 Qd7 14.Qb3 O-O-O 15.O-O-O Ng4
16.Nd2 Rxh1  0-1

[Event "Titled Tue 26th Nov Late"]
[Site "chess.com INT"]
[Date "2024.11.26"]
[Round "6"]
[White "Nakamura,Hi"]
[Black "Vachier Lagrave,M"]
[Result "1-0"]
[WhiteElo "2802"]
[BlackElo "2737"]

1.b3 Nf6 2.Bb2 g6 3.Bxf6 exf6 4.g3 f5 5.Bg2 Bg7 6.d4 O-O 7.e3 d6 8.Ne2 Nd7
9.c4 h5 10.Nbc3 h4 11.O-O Nf6 12.b4 Re8 13.b5 Rb8 14.a4 Ng4 15.Nf4 Bh6 16.Qd3 Bd7
17.a5 a6 18.Rab1 c6 19.bxa6 bxa6 20.Rxb8 Qxb8 21.Na4 hxg3 22.hxg3 Bxf4 23.exf4 Re7
24.Nb6 Kg7 25.c5 Qh8 26.Rd1 d5 27.Nxd7 Rxd7 28.Qxa6 Re7 29.Qd3 Rb7 30.Qe2 Rb3
31.Ra1 Qb8 32.a6 Rb1+ 33.Rxb1 Qxb1+ 34.Bf1 Qa1 35.Kg2 Nf6 36.Qe5 Qa2 37.Be2 Qa1
38.f3 Qa2 39.Kf2 Qa1 40.g4  1-0

[Event "Titled Tue 26th Nov Late"]
[Site "chess.com INT"]
[Date "2024.11.26"]
[Round "7"]
[White "Dardha,Daniel"]
[Black "Nakamura,Hi"]
[Result "0-1"]
[WhiteElo "2606"]
[BlackElo "2802"]

1.d4 g6 2.g3 Bg7 3.Bg2 c5 4.dxc5 Na6 5.Nf3 Nxc5 6.O-O b6 7.Nd4 Bb7 8.Bxb7 Nxb7
9.c4 Rc8 10.Na3 Na5 11.b3 d5 12.cxd5 Qxd5 13.Bb2 Nf6 14.Ndb5 Qb7 15.Qd3 a6
16.Nd4 O-O 17.Rac1 Rcd8 18.Qf3 Ne4 19.Rfd1 Rd6 20.Qe3 Rfd8 21.Rd3 h6 22.Rcd1 Ng5
23.h4 Nh7 24.Qc1 e5 25.Ndc2 Rxd3 26.Rxd3 Rxd3 27.exd3 Nc6 28.Nc4 b5 29.N4e3 Qd7
30.Ne1 Nf8 31.Qc5 Ne6 32.Qd5 Qc8 33.a3 Ncd4 34.Bxd4 Nxd4 35.Nf3 Nxf3+ 36.Qxf3 Qc1+
37.Kg2 Qxa3 38.h5 Qxb3 39.Qa8+ Kh7 40.hxg6+ fxg6 41.Nd5 Qxd3 42.Qb7 Qf5 43.Kg1 e4
44.Ne3 Qe6 45.Nd5 h5 46.Nf4 Qf5 47.Qxa6 h4 48.Qc6 hxg3 49.fxg3 b4 50.Qb7 Qc5+
51.Kg2 Qc2+ 52.Kh3 Qc4 53.Qd7 b3 54.Ne6 Qf1+ 55.Kh2 Qf2+ 56.Kh1 Qf6 57.Qd5 b2
58.Qxe4 Qxe6 59.Qxe6 b1=Q+ 60.Kh2 Qf5 61.Qe8 Be5 62.Qe7+ Kh6 63.Qb4 Qf2+
64.Kh1 Qf3+ 65.Kg1 Qxg3+ 66.Kf1 Qf3+ 67.Kg1 Qg3+ 68.Kf1 Qf4+  0-1

[Event "Titled Tue 26th Nov Early"]
[Site "chess.com INT"]
[Date "2024.11.26"]
[Round "7"]
[White "Nakamura,Hi"]
[Black "Suyarov,Mukhammadzokhid"]
[Result "1-0"]
[WhiteElo "2802"]
[BlackElo "2464"]

1.b3 e5 2.Bb2 Nc6 3.e3 d5 4.Bb5 Bd6 5.c4 a6 6.Bxc6+ bxc6 7.c5 Bxc5 8.Bxe5 Ne7
9.Ne2 O-O 10.O-O Bd6 11.Bxd6 cxd6 12.d4 a5 13.Nbc3 Ba6 14.Re1 Qd7 15.Qd2 Rfe8
16.Ng3 h6 17.Rac1 Rab8 18.f3 Ng6 19.Rc2 Re7 20.Rec1 Rbe8 21.Nd1 Bb7 22.Qxa5 f5
23.f4 Nh4 24.Rf2 Qe6 25.Qd2 g5 26.Qd3 g4 27.a4 Rf7 28.Ra2 Ra8 29.Qc3 Ba6
30.Qe1 Rc8 31.Rac2 Rfc7 32.Qd2 c5 33.b4 Bc4 34.dxc5 dxc5 35.bxc5 Bb3 36.Rc3 Bxa4
37.Nb2 Bb5 38.Qd4 Re8 39.Nh5 Rf7 40.c6 Qg6 41.c7 Rc8 42.Ng3 Bd7 43.Nd3 Re7
44.Qxd5+ Be6 45.Qd6 Qe8 46.Ne5 Kf8 47.Nc6  1-0

[Event "Titled Tue 26th Nov Early"]
[Site "chess.com INT"]
[Date "2024.11.26"]
[Round "8"]
[White "Le,Quang Liem"]
[Black "Nakamura,Hi"]
[Result "0-1"]
[WhiteElo "2739"]
[BlackElo "2802"]

1.d4 g6 2.e4 c6 3.Nc3 d5 4.e5 h5 5.f4 Bg4 6.Nf3 e6 7.Be3 Nd7 8.Be2 Nh6 9.h3 Bxf3
10.Bxf3 Nf5 11.Bf2 h4 12.Ne2 c5 13.c4 Nb6 14.cxd5 Nxd5 15.O-O c4 16.Nc3 Qd7
17.Nxd5 exd5 18.b3 b5 19.bxc4 bxc4 20.Rb1 Rc8 21.a4 a6 22.Rb6 Bh6 23.Rxa6 O-O
24.Ra5 c3 25.Qc2 Bxf4 26.Rxd5 Qa7 27.Re1 Bd2 28.Rb1 Rc4 29.Rc5 Rxa4 30.Rb7 Qa6
31.Bd5 Ne3 32.Bxe3 Bxe3+ 33.Kh2 Bf4+ 34.Kg1 Ra1+ 35.Rb1 Rxb1+ 36.Qxb1 Kg7
37.Kh1 Bd2 38.Rc7 Qa5 39.Bb3 Qxc7 40.Qe4 Qa5 41.Qxh4 Qa6 42.Bc2 Qf1+ 43.Kh2 Qf4+  0-1